Al-Farabi's Arabic-Latin writings on music : in the Ihsa al-'ulum (Escorial library, Madrid, no. 646), De scientiis (British museum, Cott. M.S. Vesp. B.X., and Bibi. Nat., Paris, no. 9335), and De ortu sciantiarum (Bibi. Nat., Paris, no. 6298 and Bodleian library, Oxford, no. 3623), etc. /
محفوظ في:
المؤلف الرئيسي:
مؤلفون آخرون:
التنسيق: كتاب
اللغة: English
الطبعة: Second edition.
سلاسل:
Collection of oriental writers on music ;
2.
الموضوعات:
الوسوم: إضافة وسم
لا توجد وسوم, كن أول من يضع وسما على هذه التسجيلة!
رقم الطلب: ML189 .F22 1960
| LEADER | 01515namaa2200337 4500 | ||
|---|---|---|---|
| 001 | 15119 | ||
| 003 | OSt | ||
| 005 | 20210321054234.0 | ||
| 008 | 130303s1960 nyua g 000 0 eng d | ||
| 952 | |0 0 |1 0 |2 lcc |4 0 |6 ML0189 F22 01960 |7 1 |9 11178 |a ARCE |b ARCE |d 2021-03-21 |l 0 |o ML189 .F22 1960 |r 2021-03-21 00:00:00 |w 2021-03-21 |y BK | ||
| 999 | |c 10215 |d 10215 | ||
| 040 | |c ARCE Library | ||
| 043 | |a ma----- | ||
| 050 | 0 | 4 | |a ML189 .F22 1960 |
| 100 | 0 | |6 880-01 |a Fārābī, |e author. | |
| 245 | 1 | 3 | |a Al-Farabi's Arabic-Latin writings on music : |b in the Ihsa al-'ulum (Escorial library, Madrid, no. 646), De scientiis (British museum, Cott. M.S. Vesp. B.X., and Bibi. Nat., Paris, no. 9335), and De ortu sciantiarum (Bibi. Nat., Paris, no. 6298 and Bodleian library, Oxford, no. 3623), etc. / |c the texts edited, with translations and commentaries, by Henry George Farmer. |
| 250 | |a Second edition. | ||
| 264 | 1 | |a New York : |b Hinrichsen Edition, |c 1960. | |
| 300 | |a 65 pages : |b illustrations ; |c 25 cm. | ||
| 336 | |a text |b txt |2 rdacontent | ||
| 337 | |a unmediated |b n |2 rdamedia | ||
| 338 | |a volume |b nc |2 rdacarrier | ||
| 490 | 1 | |a Collection of oriental writers on music ; |v 2. | |
| 650 | 0 | |a Music theory |x History |y 500-1400. | |
| 650 | 0 | |a Music theory |z Arab countries. | |
| 650 | 0 | |a Music |z Arab countries. | |
| 700 | 1 | |a Farmer, Henry George, |d 1882-1965. |9 29853 | |
| 830 | 0 | |a Collection of oriental writers on music ; |v 2. | |
| 880 | 0 | |6 100-01/(3/r |a فارابي. | |
| 901 | |a reviewed | ||
| 942 | |c BK |2 lcc | ||
